|
|
|
|
| LEADER |
00701ncm a22002052a 4500 |
| 001 |
001260243 |
| 003 |
CZ BrMZK |
| 005 |
20121023175546.0 |
| 007 |
qu |
| 008 |
121023s1955 ru |||||||||||||||||zxx d |
| 040 |
|
|
|a BOA001
|b cze
|
| 072 |
|
7 |
|a 787
|x Hudba pro strunné a smyčcové nástroje
|2 Konspekt
|9 9
|
| 100 |
1 |
|
|a Narimanidze, N.
|4 cmp
|
| 245 |
1 |
0 |
|a Kvartet No 3
|h [hudebnina] :
|b (Sol' -mažor) : dlja 2 skripok, alta i violončeli : partitura /
|c N. Narimanidze
|
| 260 |
|
|
|a Moskva :
|b Muzgiz,
|c 1955
|
| 300 |
|
|
|a 1 partitura (46 s.)
|
| 910 |
|
|
|a BOA001
|b Mus4-0537.953
|
| 990 |
|
|
|a MU
|
| 991 |
|
|
|b 201210
|
| 996 |
6 |
|
|b 2619079102
|c Mus4-0537.953
|l MZK
|r Sklad / do 1 hodiny
|n 0
|w 001294148
|u 000010
|a 1
|e BOA001
|j MZK50
|s P
|